Statistiques concernant Logos de jeux vidéo #4

Cliquez ici pour prendre le quiz!

Statistiques générales

  • Ce quiz a été pris 3 960 fois
  • Le résultat moyen est 9 sur 20

Statistiques - réponses

Réponse% Correct
Luigi
97%
League of Legends
92%
Mario Kart 8
92%
Wii U
81%
Valorant
78%
PlayStation Plus
68%
Super Mario Odyssey
57%
Pikmin Bloom
55%
Stadia
35%
Niantic
32%
Pokémon Epée
31%
Umbrella
31%
Star Fox
28%
Little Nightmares
27%
Miiverse
22%
Team Fortress 2
17%
Rovio
13%
Gamekult
11%
Dragon Quest
3%
Game Gear
3%

Distribution des résultats

Percentile par nombre de réponses

% des personnes avec chaque résultat

Votre développement - résultats

Vous n’avez pas pris ce quiz